LEADER 02485nam 2200385Ia 450 001 996396172903316 005 20200818211614.0 035 $a(CKB)4940000000057803 035 $a(EEBO)2240973790 035 $a(OCoLC)ocm12602944e 035 $a(OCoLC)12602944 035 $a(EXLCZ)994940000000057803 100 $a19850926d1673 uy | 101 0 $aeng 135 $aurbn||||a|bb| 200 10$aSandys travels$b[electronic resource] $econtaining an history of the original and present state of the Turkish Empire, their laws, government, policy, military force, courts of justice, and commerce, the Mahometan religion and ceremonies, a description of Constantinople, the Grand Signior's seraglio, and his manner of living : also, of Greece, with the religion and customs of the Grecians : of Ægypt, the antiquity, hieroglyphicks, rites, customs, and discipline, and religion of the Ægyptians : a voyage on the River Nylvs : of Armenia, Grand Cairo, Rhodes, the Pyramides, Colossus, the former flourishing and present state of Alexandria : a description of the Holy-Land, of the Jews, and several sects of Christians living there : of Jerusalem, sepulchre of Christ, Temple of Solomon, and what else either of antiquity, or worth observation : lastly, Italy described, and the islands adjoining, as Cyprus, Crete, Malta, Sicilia, the Æolian Islands, of Rome, Venice, Naples, Syracusa, Mesena, Aetna, Scylla, and Charybdis, and other places of note : illustrated with fifty graven maps and figures 205 $aThe seventh edition. 210 $aLondon $cPrinted for John Williams junior$d1673 215 $a[7], 240 p. $cill., maps (1 folded) 300 $aIncludes bibliographical references. 300 $aAdded engraved t.p.: A relation of a iourney begun an: Dom: 1610. Fovre bookes. Containing a description of the Turkish empire, of AEgypt, of the Holy Land of the remote parts of Italy, and ilands adjoyning. The 6th edition. London : Printed for Philip Chetwin, 1670. 300 $aReproduction of original in Duke University Library. 330 $aeebo-0040 607 $aMiddle East$xDescription and travel 607 $aItaly$xDescription and travel 607 $aItaly$xDescription and travel$vEarly works to 1800 700 $aSandys$b George$f1578-1644.$0709605 801 0$bEAA 801 1$bEAA 801 2$bm/c 801 2$bWaOLN 906 $aBOOK 912 $a996396172903316 996 $aSandys travels$92402066 997 $aUNISA